[Event "22nd Mediterranean Flowers 2022"]
[Site "Rijeka"]
[Date "2022.03.10"]
[Round "6.4"]
[White "Radeva, Viktoria"]
[Black "Kubicka, Anna"]
[Result "1/2-1/2"]
[WhiteElo "2261"]
[BlackElo "2266"]
[Annotator "TA"]
[PlyCount "87"]
[EventDate "2022.03.07"]
[EventType "tourn"]
[EventCountry "CRO"]
[SourceTitle "playchess.com"]
[Source "ChessBase"]
[SourceQuality "1"]

{[%evp 14,87,25,15,6,0,0,0,13,10,0,0,-7,-11,26,34,42,36,40,0,66,0,0,0,0,0,1,0,0,0,3,0,9,-3,25,21,33,0,5,7,32,0,17,0,0,-19,-25,-69,-35,-104,-57,-58,-68,-72,-49,-53,-59,-67,-49,-66,-24,-29,-23,-21,-26,-29,-25,-30,-31,-47,-42,-37,0,0,0,0]} 1. e4 e5 2. Nf3 Nc6 3. Bc4 Bc5 4. d3 Nf6 5. O-O d6 6. c3 h6 $1 {[%mdl 4] is more profitable than 6...0-0 at the moment.} 7. Nbd2 O-O 8. h3 a5 {C54: Giuoco Piano: 4 c3 Nf6, main lines with 5 d4 and 5 d3.} 9. Re1 Be6 10. Bb5 Qb8 11. Nf1 Qa7 12. d4 (12. Be3 $5 {[%cal Rd3d4]} Bb6 13. a4 $11) 12... exd4 13. Bxc6 {[%cal Rc3d4]} bxc6 (13... dxc3 $5 {[%cal Rc5f2]} 14. Ba4 Bxf2+ 15. Kh2 Bxe1 16. Qxe1 d5 $15) 14. cxd4 Bb4 15. Re2 {[#] Threatens to win with a3.} a4 {[#]} 16. Ng3 $146 (16. a3 $5 {[%cal Ra3b4]} Bb3 17. Qd3 $11) ({Predecessor:} 16. a3 Bb3 17. Qd3 Ba5 18. e5 dxe5 19. Rxe5 Rfe8 20. Ng3 Qa6 21. Qxa6 Rxa6 22. Bxh6 Rxe5 23. dxe5 gxh6 24. exf6 {0-1 (31) Valenzuela Gomez,F (2413)-Garcia Ramos,D (2422) Barcelona 2021}) 16... Rfe8 (16... d5 $1 $11) 17. Bd2 (17. a3 $1 $14 Bb3 18. Qd3) 17... Bxd2 $11 18. Qxd2 Rab8 19. Qc3 Qb6 20. Kh2 Bd7 21. Rc1 Qb5 22. Ne1 Nh5 {And now ...Nxg3 would win.} 23. Rcc2 Nf4 24. Re3 Qg5 25. Nd3 Nxd3 26. Qxd3 Rb4 27. Ree2 (27. Qd2 $5 {[%cal Rd2b4]} Rb6 28. Rd3 $11) 27... Reb8 28. Qc3 {Inhibits c5.} R4b5 29. Nf1 c5 30. d5 (30. Ng3 $1 $11) 30... f6 (30... Rb4 {is more complex.} 31. Nd2 Qf6 32. b3 Qd4 33. Rc1 Qxc3 34. Rxc3 axb3 35. axb3 f6) 31. Qg3 {[#]} (31. f3 $15) 31... Rb4 (31... f5 $1 $17 32. e5 Qxg3+ 33. fxg3 Rb4) 32. Qxg5 $15 hxg5 ({Much worse is} 32... fxg5 33. Ng3 $11) 33. Ng3 Bb5 34. Red2 g6 35. f3 Ba6 36. Kg1 Kg7 (36... Kf8 $15 {is superior.}) 37. Kf2 $1 $11 Re8 38. a3 Rb3 39. Ne2 $1 Bxe2 40. Rxe2 f5 41. Rc4 fxe4 42. fxe4 Reb8 43. Rxa4 Rxb2 44. Ra7 {Weighted Error Value: White=0.11 (very precise) /Black=0.12 (very precise)} 1/2-1/2

[Event "22nd Mediterranean Flowers 2022"]
[Site "Rijeka"]
[Date "2022.03.10"]
[Round "6.5"]
[White "Berke, Ana"]
[Black "Radikovic, Anamarija"]
[Result "1-0"]
[WhiteElo "2135"]
[BlackElo "2121"]
[Annotator "TA"]
[PlyCount "73"]
[EventDate "2022.03.07"]
[EventType "tourn"]
[EventCountry "CRO"]
[SourceTitle "playchess.com"]
[Source "ChessBase"]
[SourceQuality "1"]

{[%evp 12,73,6,18,75,75,88,97,99,82,153,152,191,150,140,88,99,29,58,0,-1,-31,39,36,66,40,453,452,440,448,441,435,601,581,543,536,540,532,772,491,492,487,476,470,5166,5166,4889,4889,4790,4782,1582,1425,5189,913,5097,1495,5893,5601,5701,5693,5673,5581,5197,2579]} 1. e4 c5 2. Nf3 Nc6 3. Bb5 g6 4. O-O Bg7 5. Re1 e5 6. b4 cxb4 7. a3 bxa3 {B31: Sicilian: 2...Nc6 3 Bb5 g6.} (7... b3 $11 {remains equal.}) 8. Bxa3 $16 Nge7 {[#]} 9. Bd6 $1 {[%mdl 1024] White has strong compensation.} O-O {White is better.} 10. c3 {[#]} f6 $146 (10... b6 $142) ({Predecessor:} 10... a6 11. d4 Re8 12. d5 Na7 13. Bd3 b5 14. Nbd2 Bb7 15. c4 Nec8 {0-1 (50) Sokolin,L (2497)-Arvind,C (2124) Chess.com INT 2020}) 11. d4 b6 12. Qb3+ (12. dxe5 $18 Kh8 13. exf6 Rxf6 14. e5) 12... Kh8 13. Qa3 ({White should try} 13. Nbd2) 13... Re8 14. Nbd2 (14. dxe5 $16 Nxe5 15. Nxe5 fxe5 16. Bc4) 14... Bb7 $11 15. Rad1 ({White should play} 15. dxe5 $14 Nxe5 16. Bxe5 fxe5 17. Nc4) 15... Nc8 16. dxe5 Nxe5 (16... Nxd6 $15 17. Bxc6 {[#]} fxe5 $1 18. Bxb7 Nxb7) 17. Bxe5 $14 fxe5 18. Nc4 $36 {[%mdl 2048] Black is under pressure.} a6 $2 {[%mdl 8192] Black cannot hold the game after this.} ({Better is} 18... Re7 $1 $14) 19. Bxd7 $18 {White is clearly winning.} Rf8 20. Bxc8 Qxc8 21. Nxb6 {[%cal Bc4b6,Bb6a8,Ba8c7][%mdl 32]} Qg4 22. Nxa8 {[%cal Oa3e7] Pair of Knights!} Bxe4 {[#]} 23. Rxe4 Qxe4 24. Nc7 {Ne6 is the strong threat.} Qe2 25. Re1 Qc4 26. Qd6 Rf6 27. Nxe5 Qf4 {[#]} (27... Rxd6 $142 28. Nxc4 Rd8 29. Nxa6 Bxc3) 28. Nf7+ $1 Rxf7 29. Re8+ Bf8 30. Qxf4 {Active counter play!} Rxf4 {[%mdl 4096] Endgame KRB-KRN} 31. Ne6 Rf6 32. Rxf8+ Rxf8 33. Nxf8 a5 34. Ne6 a4 35. Nd4 a3 36. Kf1 Kg7 37. Ke2 {Weighted Error Value: White=0.29 (precise) /Black=0.72} 1-0

[Event "22nd Mediterranean Flowers 2022"]
[Site "Rijeka"]
[Date "2022.03.10"]
[Round "7.1"]
[White "Radikovic, Anamarija"]
[Black "Kejzar, Petra"]
[Result "1/2-1/2"]
[WhiteElo "2121"]
[BlackElo "2031"]
[Annotator "TA"]
[PlyCount "77"]
[EventDate "2022.03.07"]
[EventType "tourn"]
[EventCountry "CRO"]
[SourceTitle "playchess.com"]
[Source "ChessBase"]
[SourceQuality "1"]

{[%evp 16,77,39,20,116,109,249,156,159,163,151,22,67,74,74,74,110,45,47,62,64,70,51,0,6,-23,-12,-16,-8,-187,-181,-154,0,8,0,22,70,90,192,18,34,0,171,15,18,28,31,0,0,0,0,0,54,0,0,0,0,0,0,0,0,0,0,0]} 1. e4 c5 2. Nc3 Nc6 3. Nge2 g6 4. d4 cxd4 5. Nxd4 Bg7 6. Be3 d6 7. Qd2 Nf6 8. f3 O-O 9. O-O-O a5 {B76: Sicilian Dragon: Yugoslav Attack, 9 g4 and 9 0-0-0.} (9... d5 $1 $11) 10. g4 {[#] White is more active.} Bxg4 $146 ({Predecessor:} 10... a4 11. a3 Nd7 12. Ndb5 Nde5 13. Qf2 Be6 14. h4 Nc4 15. Bxc4 Bxc4 16. h5 g5 {1-0 (53) Poli,G (2469)-Staniszewski,J (2498) ICCF email 2010}) 11. Nxc6 bxc6 {White is clearly better.} 12. fxg4 Nxg4 {[#]} 13. a4 ({White should try} 13. Na4 $1 $16) 13... Rb8 (13... Qb8 $1 $11) 14. Bc4 $14 Rb4 {[#]} 15. Bb3 Qb8 16. h3 (16. Bf4 $16) 16... Nxe3 17. Qxe3 c5 {Threatens to win with ...c4.} 18. Nd5 {[%csl LRb4,LRe7]} Rb7 {[%cal Oc5c4] White must now prevent ...c4!} 19. Qd3 ({Better is} 19. Rhf1 $14) 19... c4 20. Qxc4 {Qe2 is the strong threat.} Rc8 21. Qa6 e6 22. Ne7+ Rxe7 $19 23. Qxd6 Qxb3 $2 24. Qd8+ $1 $11 Bf8 {[%csl Gc8][%cal Rb3c2]} 25. Qxc8 Qxa4 (25... Qa2 $1 $11 26. c4 Qb3) 26. Kb1 $14 Re8 (26... Qxe4 $16 27. Rhe1 Qb7) 27. Qb7 $2 (27. Qd7 $18 Qxd7 28. Rxd7) 27... Re7 $1 $11 28. Qc8 (28. Qa8 $14 Re8 29. Qb7) 28... Re8 $18 29. Rd8 ({White has to play} 29. Qd7 $18 Qxd7 30. Rxd7) 29... Rxd8 $1 $11 30. Qxd8 Qxe4 {[%mdl 4096] Endgame KQR-KQB} 31. Rf1 a4 32. Qe8 f5 33. Rd1 {aiming for Rd7.} Qe2 (33... f4 $11) 34. Rd3 ({Much worse is} 34. Rd7 Qf1+ 35. Ka2 Qc4+ 36. Kb1 Qf1+ 37. Ka2 Qc4+ 38. Kb1 Qf1+ $11) (34. Rd4 $14) 34... f4 {The position is equal.} 35. Rd4 g5 {Strongly threatening ...Qf1+.} 36. Rd7 {Threatening mate with Qf7+.} Qf1+ 37. Ka2 {Qf7+ would kill now. Dancing on a razor blade.} Qc4+ 38. Kb1 {White threatens Qf7+ and mate.} Qf1+ 39. Ka2 {Weighted Error Value: White=0.48/Black=0.27 (precise)} 1/2-1/2

[Event "22nd Mediterranean Flowers 2022"]
[Site "Rijeka"]
[Date "2022.03.10"]
[Round "7.2"]
[White "Kubicka, Anna"]
[Black "Berke, Ana"]
[Result "1/2-1/2"]
[WhiteElo "2266"]
[BlackElo "2135"]
[Annotator "TA"]
[PlyCount "128"]
[EventDate "2022.03.07"]
[EventType "tourn"]
[EventCountry "CRO"]
[SourceTitle "playchess.com"]
[Source "ChessBase"]
[SourceQuality "1"]

{[%evp 14,128,24,14,45,41,61,54,62,59,88,77,89,83,83,89,90,89,83,83,92,90,88,89,91,90,87,85,91,96,94,87,105,104,104,104,104,104,160,156,159,137,168,120,158,151,151,151,221,170,231,212,196,153,157,150,169,132,131,125,133,125,141,58,168,178,179,173,159,117,147,102,106,98,133,143,508,519,524,513,497,505,464,206,187,167,206,197,602,604,557,537,605,344,347,126,126,85,111,0,126,0,113,0,0,0,0,0,0,0,0,0,0,0,0,0,0]} 1. e4 c5 2. Nf3 d6 3. d4 cxd4 4. Qxd4 Nc6 5. Bb5 Bd7 6. Bxc6 Bxc6 7. c4 Nf6 8. Nc3 e5 {B53: Sicilian: 2...d6: Lines with Qxd4.} 9. Qd3 h6 10. O-O Be7 {White is slightly better.} 11. Rd1 Qc7 12. Nd2 {[%cal Bf3d2,Bd2f1,Bf1e3][%mdl 32]} O-O 13. Nf1 {[#]} Bd7 $146 ({Predecessor:} 13... Rab8 14. a4 a6 15. Ne3 Rfc8 16. Nf5 Bf8 17. Be3 Kh7 18. a5 g6 19. Bb6 Qd7 {0-1 (50) Chabris,C (2125)-Loy,K (2268) Chess.com INT 2020}) 14. Ne3 Be6 15. b3 a6 16. a4 Rac8 17. Ba3 {[%cal Ra3d6]} Rfd8 18. Qe2 Bf8 19. Ned5 Nxd5 20. Nxd5 Qc6 21. Rac1 {[%cal Ba1c1,Bc1c3,Bc3e3,Be3g3][%mdl 32]} Qe8 22. a5 f5 23. exf5 {White is much more active.} Bxf5 24. Rc3 Qf7 25. h3 e4 (25... Be6 $142) 26. Re3 Re8 27. Re1 Re6 28. Bb2 (28. Qd2 $18) 28... Rce8 29. Nf4 R6e7 30. Qd2 Bh7 (30... d5 $16 {was worth a try.}) 31. Rg3 (31. Qxd6 $2 Rd7 32. Qxd7 Qxd7 $19) 31... Kh8 (31... Bf5 $142 32. h4 (32. Qxd6 e3 $11) 32... Rd7) 32. Nd5 $18 (32. Qxd6 $6 e3 33. f3 (33. fxe3 Rxe3 34. Rexe3 Rxe3 $17) 33... Re6 $16) 32... Re6 33. Qd4 (33. Rg4 $18) 33... Rg6 $16 34. Ree3 Re5 35. Rxg6 Bxg6 36. Rg3 Kh7 37. Qd2 Rf5 38. Rg4 (38. Qe3 $16) 38... Rh5 (38... Be7 $14) 39. Nf4 $18 Rg5 40. Rxg5 (40. Nxg6 Qxg6 41. Rxg5 hxg5 $16) 40... hxg5 41. Nxg6 (41. Nd5 $142) 41... Qxg6 42. Ba3 (42. Bc1 $142) 42... Qf6 $16 43. Bc1 Be7 44. Qd5 {[%csl LRb7,LRe4]} Qg6 {[%mdl 8192]} (44... Qa1 $16 {is a better chance.} 45. Qxe4+ Kg8 46. Qe6+ (46. Qxe7 Qxc1+ 47. Kh2 Qf4+ 48. Kh1 Qc1+ 49. Kh2 Qf4+ 50. Kh1 Qc1+ 51. Kh2 $11) 46... Kf8) 45. Qxb7 $18 Bf6 46. Be3 g4 47. hxg4 Qxg4 48. f3 (48. Qd5 $142) 48... exf3 49. Qxf3 Qg6 50. Bf4 ({Don't take} 50. Qh3+ Kg8) 50... Be5 $2 (50... Bg5 51. Bxg5 Qxg5) 51. Bxe5 dxe5 {[%mdl 4096] Endgame KQ-KQ} 52. c5 {[#] Strongly threatening c6.} e4 53. Qf4 Qe6 54. Qh4+ $2 (54. Qh2+ $18 {and White stays clearly on top.} Kg8 55. Qb8+ Kh7 56. Qg3) 54... Kg8 $16 {[#]} 55. Qd8+ (55. Qh3 $142 $1 {[%cal Rh3e6]} Qe5 56. Qc8+ Kh7 57. Kf1 (57. Qxa6 Qxc5+ 58. Kf1 Qd5 $16)) 55... Kh7 (55... Kf7 $2 56. Qc7+ Kf8 57. Qd8+ Kf7 58. Qc7+ Kf8 59. Qb8+ Kf7 60. Qb7+ Ke8 61. Qxg7 $18 (61. c6 Qd6 $16)) 56. Qh4+ Kg8 $1 57. Qd8+ Kh7 $1 (57... Kf7 $2 58. Qc7+ Kf8 59. Qd8+ Kf7 60. Qc7+ Ke8 61. Qb8+ (61. Qxg7 e3 $18) 61... Kd7 62. Qa7+ Ke8 63. Qxg7 $18) 58. Qb6 (58. b4 $16) 58... Qd5 $1 $11 {The position is equal.} 59. c6 Qd1+ 60. Kh2 {Black must now prevent Qc5.} Qh5+ 61. Kg1 {And now Qd4 would win.} Qd1+ 62. Kh2 {aiming for Qc5.} Qh5+ 63. Kg1 {Threatens to win with Qd4.} Qd1+ 64. Kh2 {Hoping for Qc5.} Qh5+ {Black escapes into a draw.  Weighted Error Value: White=0.26 (precise) /Black=0.28 (precise)} 1/2-1/2

[Event "22nd Mediterranean Flowers 2022"]
[Site "Rijeka"]
[Date "2022.03.10"]
[Round "7.3"]
[White "Drljevic, Ljilja"]
[Black "Radeva, Viktoria"]
[Result "0-1"]
[WhiteElo "2217"]
[BlackElo "2261"]
[Annotator "TA"]
[PlyCount "74"]
[EventDate "2022.03.07"]
[EventType "tourn"]
[EventCountry "CRO"]
[SourceTitle "playchess.com"]
[Source "ChessBase"]
[SourceQuality "1"]

{[%evp 14,74,20,-24,-18,-28,-24,-33,-24,-14,4,-16,0,-7,31,24,23,39,44,32,35,-45,-42,-308,-275,-252,-287,-486,-495,-481,-499,-482,-497,-504,-488,-496,-467,-512,-508,-556,-550,-547,-526,-683,-687,-666,-668,-1104,-1055,-1161,-1125,-1133,-1140,-1216,-1181,-1131,-1063,-3096,-1070,-1092,-1069,-1489,-1127]} 1. e4 c5 2. Nf3 e6 3. Nc3 a6 4. g3 Nc6 5. Bg2 d6 6. O-O Nf6 7. d3 Be7 8. Ng5 {8.Ng5 is better than 8.h3.} (8. Re1 $142) 8... O-O $11 {B50: Sicilian: 2...d6, Miscellaneous.} 9. f4 Rb8 10. g4 Nd4 {[#] Black is slightly better.} 11. Nh3 $146 ({Predecessor:} 11. Ne2 Nxe2+ 12. Qxe2 b5 13. Qf3 e5 14. f5 Bb7 15. Nh3 d5 16. Nf2 dxe4 17. dxe4 {1-0 (41) Toviskes,A (2011)-Gnaj,J (1643) Hungary 2018}) 11... b5 12. Ne2 (12. g5 $5 {[%cal Rg5f6]} Nd7 13. Ne2 $11) 12... b4 13. Ng3 Bd7 14. g5 Ne8 15. f5 exf5 16. exf5 Qc8 {[%cal Rd4f5]} 17. Be4 ({White should play} 17. Qe1 $1 $14 Bd8 18. Qf2) 17... d5 $1 $15 18. f6 $2 {[%mdl 8192] White does not recover from this.} Bd6 ({Don't take} 18... Bxh3 {[#]} 19. Bxh7+ $1 {[%mdl 512]} (19. fxe7 dxe4 20. exf8=Q+ Kxf8 $16) 19... Kxh7 20. fxe7 $18) ({Weaker is} 18... dxe4 19. fxe7 Bg4 20. exf8=Q+ $11 (20. exf8=R+ Kxf8 21. Qe1 Bxh3 $11)) (18... gxf6 19. Bxh7+ Kxh7 20. Qh5+ Kg8 21. g6 fxg6 22. Qxg6+ Kh8 23. Qh6+ Kg8 24. Qg6+ Kh8 25. Qh6+ Kg8 26. Qg6+ $11) 19. Bxh7+ Kxh7 20. g6+ $2 (20. Qh5+ Kg8 21. Nf4) 20... fxg6 $19 {Black is clearly winning.} 21. Ng5+ Kh8 22. f7 Nf6 23. Bf4 {[#]} Bg4 $1 24. Qd2 Bxf4 25. Rxf4 Nh7 26. Nxh7 Kxh7 27. Raf1 {To avoid Nf3+} Qe6 28. Re1 Qd7 29. Ref1 g5 30. Rxd4 cxd4 31. Qxg5 Rb6 {...Rg6 is the strong threat.} 32. Rf4 Bh3 33. Qh5+ Rh6 34. Qf3 Be6 35. Nf5 Bxf5 36. Rxf5 Qe6 37. Kf1 {To avoid Qe1+} g6 {Weighted Error Value: White=0.62/Black=0.06 (flawless)} 0-1

[Event "22nd Mediterranean Flowers 2022"]
[Site "Rijeka"]
[Date "2022.03.10"]
[Round "7.4"]
[White "Zimina, Olga"]
[Black "Medic, Mirjana"]
[Result "1-0"]
[WhiteElo "2340"]
[BlackElo "2207"]
[Annotator "TA"]
[PlyCount "69"]
[EventDate "2022.03.07"]
[EventType "tourn"]
[EventCountry "CRO"]
[SourceTitle "playchess.com"]
[Source "ChessBase"]
[SourceQuality "1"]

{[%evp 10,69,9,11,72,8,61,56,56,56,58,51,52,52,52,52,58,52,60,52,65,50,67,54,46,37,57,56,71,35,192,193,192,200,217,216,211,224,204,205,381,136,137,137,162,170,162,156,237,230,230,230,228,224,210,196,334,332,545,447,710,479]} 1. d4 d5 2. Nf3 Nf6 3. g3 c6 4. Bg2 Bf5 5. O-O e6 6. Nh4 Bg6 {D02: 1 d4 d5 2 Nf3 sidelines, including 2...Nf6 3 g3 and 2...Nf6 3 Bf4.} (6... Bg4 $11) 7. Nd2 (7. Nxg6 $16 hxg6 8. Nd2) 7... Nbd7 (7... Bh5 $11) 8. Nxg6 $14 hxg6 {White is slightly better.} 9. e4 Nxe4 10. Nxe4 (10. Bxe4 dxe4 11. Nxe4 Nf6 $11) 10... dxe4 11. Bxe4 Nf6 12. Bg2 Be7 13. c3 O-O {[#]} 14. h4 $146 ({Predecessor:} 14. Re1 Qd7 15. Qb3 Rfd8 16. a4 a5 17. Qc4 Nd5 18. Qe2 Bf6 19. h4 Re8 20. h5 {½-½ (56) Smirnov,A (2049)-Fomichev,S (1985) Zelenograd 2020}) 14... Qb6 15. Qe2 Rfd8 16. Be3 {[%cal Od4d5]} Nd5 17. Be4 Qc7 18. Kg2 e5 19. h5 (19. Rae1 $5 {[%cal Re3c1]}) 19... gxh5 {Black cannot hold the game after this.} ({Better is} 19... Nf6 $14) 20. Qxh5 $18 {Qh7+ would kill now.} Nf6 {Prevents Qh7+.} 21. Qh3 {[%cal Of1h1] Rh1! is the strong threat.} Nxe4 22. Rh1 {[%csl Gh1][%cal Rh3h8]} f5 23. Qxf5 {White threatens Qe6+ and mate.} Qd6 {[%cal Re5d4] To avoid Qe6+} 24. Qxe4 {Hoping for Qh7+.} ({Much less strong is} 24. dxe5 $6 Qd5 25. Kg1 (25. Qh7+ Kf7 $14) 25... Rf8 26. Qh7+ (26. Qh5 Nd2 $11) 26... Kf7) 24... exd4 $2 {[#]} (24... Bf6 {keeps fighting.} 25. Rh5 (25. dxe5 Qxe5 26. Qh7+ Kf7 $16) 25... Qd5 26. Qxd5+ Rxd5) 25. Bxd4 $2 ({Weaker is} 25. Qh7+ Kf7 26. Bxd4 Qg6 27. Qxg6+ Kxg6 $16) (25. Rh5 $1 $18 {and the rest is easy.} dxe3 26. Qc4+ Qd5+ 27. Rxd5 cxd5 28. Qc7) 25... Qd5 $16 26. Rae1 {[%cal Ba1e1,Be1e4,Be4h4][%mdl 32] And now Qxd5+ would win. White is more active.} Qxe4+ 27. Rxe4 Bf8 28. Rh5 Rd7 (28... Re8 $16 29. Reh4 Kf7) 29. Reh4 $18 {Black must now prevent Rh8+.} Kf7 30. Rh8 Rdd8 31. Rf4+ Kg6 32. Rg4+ Kf5 (32... Kf7 $142 33. c4 b6) 33. Kf3 g6 $2 (33... b6 {is a better defense.} 34. Rh5+ Ke6 35. Bxg7 Bxg7) 34. Rg8 Be7 (34... Ke6 $142 35. R8xg6+ Kd7) 35. R8xg6 {Weighted Error Value: White=0.22 (precise) /Black=0.46} 1-0

[Event "22nd Mediterranean Flowers 2022"]
[Site "Rijeka"]
[Date "2022.03.10"]
[Round "7.5"]
[White "Toncheva, Nadya"]
[Black "Vujnovic, Patricija"]
[Result "0-1"]
[WhiteElo "2207"]
[BlackElo "2140"]
[Annotator "TA"]
[PlyCount "84"]
[EventDate "2022.03.07"]
[EventType "tourn"]
[EventCountry "CRO"]
[SourceTitle "playchess.com"]
[Source "ChessBase"]
[SourceQuality "1"]

{[%evp 14,84,27,17,-2,1,-17,0,-2,-13,-12,-19,-26,-8,12,0,54,-49,-51,-56,-67,-117,-76,-137,-129,-125,0,-73,-60,-126,-86,-229,-222,-424,-418,-654,-644,-1435,-1397,-29952,-29942,-5419,-5211,-3145,-1672,-1993,-1985,-2131,-2082,-2156,-2023,-29984,-29985,-29985,-29986,-29991,-29992,-29992,-29985,-29985,-29986,-29986,-29987,-29987,-29988,-29988,-29989,-29989,-29990,-29992,-29993,-29998,-29999]} 1. e4 {[%cal Be2e4,Be4e5][%mdl 32]} Nf6 2. e5 Nd5 3. c4 Nb6 4. d4 d6 5. exd6 cxd6 6. Nf3 g6 7. Nc3 Bg7 8. Be2 Bg4 {B04: Alekhine's Defence: 4 Nf3.} 9. h3 Bxf3 10. Bxf3 Nc6 {The position is equal.} 11. Bxc6+ bxc6 12. Qd3 O-O 13. O-O {[#]} e5 $146 ({Predecessor:} 13... d5 14. c5 Nd7 15. f4 a5 16. Bd2 e6 17. Na4 Qf6 18. Bc3 Rfb8 19. Rad1 Ra7 {0-1 (47) Uruci,E (2157)-Gazik,V (2486) Batumi 2018}) 14. d5 cxd5 (14... c5 $11) 15. cxd5 ({Only move:} 15. Nxd5 $14 Rc8 16. Nxb6 Qxb6 17. Rd1) 15... f5 $15 16. f3 {Inhibits e4.} Rc8 17. Rf2 (17. Qa6 $15) 17... Rf7 ({Black should play} 17... Qh4 {[%cal Oe5e4] Hoping for ...e4!} 18. Be3 Nc4) 18. Bd2 {[#]} (18. Rc2 $142) 18... Nc4 $1 $17 19. Be1 Nb6 {Black is more active.} ({Better is} 19... Qb6 $17 {[%cal Oe5e4] aiming for ...e4!} 20. Na4 Qd4) 20. a4 (20. Bd2 $1 $11 {keeps the balance.}) 20... Nd7 {[%cal Bb6d7,Bd7c5,Bc5d3][%mdl 32]} 21. Na2 (21. Re2 $15) 21... Nc5 22. Qa3 {White does not recover from this.} (22. Qd1 $17 {is a better defense.}) 22... e4 $19 {Strongly threatening ...Bd4.} 23. Bc3 {Inhibits Bd4.} (23. Nb4) 23... Nd3 24. Rff1 (24. Raf1 $142 Nxf2 25. Rxf2) 24... Qg5 {White must now prevent ...Nf4.} 25. Kh2 {[#]} Rxc3 $1 {[%mdl 512]} 26. Nxc3 (26. Qxc3 Bxc3) 26... Be5+ 27. f4 Nxf4 {[%csl Gf4][%cal Rg5g2]} 28. g3 Nh5 29. Rg1 Nxg3 30. Rg2 Qh4 31. Nb5 e3 {( -> ...Ne2+)} 32. Kg1 f4 {Black mates.} 33. Nxd6 f3 34. Nxf7 {[#]} Qxh3 $1 {[%csl Gf3][%cal Rh3g2]} 35. Nh6+ Kg7 {[%csl Gf3][%cal Rh3g2,Bg8g7,Bg7h6,Bh6g5,Bg5f4][%mdl 32]} 36. Qe7+ Kxh6 {[%csl Gf3][%cal Rh3g2]} 37. Qf8+ Kg5 {[%csl Gf3][%cal Rh3g2]} 38. Qe7+ Kf4 {[%csl Gf3][%cal Rh3g2]} 39. Qb4+ Ne4 {[%csl Gf3][%cal Rh3g2]} 40. Qf8+ Nf6 {[%csl Gf3][%cal Rh3g2]} 41. Rh2 f2+ 42. Kh1 f1=Q+ {[%mdl 64] Back Rank.  Weighted Error Value: White=0.96/Black=0.20 (precise)} 0-1

[Event "22nd Mediterranean Flowers 2022"]
[Site "Rijeka"]
[Date "2022.03.11"]
[Round "8.2"]
[White "Medic, Mirjana"]
[Black "Toncheva, Nadya"]
[Result "1/2-1/2"]
[WhiteElo "2207"]
[BlackElo "2207"]
[Annotator "ChessBase"]
[PlyCount "107"]
[EventDate "2022.03.07"]
[EventType "tourn"]
[EventCountry "CRO"]
[SourceTitle "playchess.com"]
[Source "ChessBase"]
[SourceQuality "1"]
[TimeControl "5400+30"]

1. d4 {[%emt 0:00:02]} d5 {[%emt 0:00:05]} 2. Nf3 {[%emt 0:00:06]} Nf6 {[%emt 0:00:03]} 3. e3 {[%emt 0:00:07]} c5 {[%emt 0:00:04]} 4. b3 {[%emt 0:00:19]} cxd4 {[%emt 0:00:05]} 5. exd4 {[%emt 0:00:07]} Nc6 {[%emt 0:00:03]} 6. Bb2 {[%emt 0:00:33]} Bf5 {[%emt 0:00:05]} 7. Bd3 {[%emt 0:01:53]} Bxd3 {[%emt 0:01:41]} 8. Qxd3 {[%emt 0:00:08]} e6 {[%emt 0:02:04]} 9. a3 {[%emt 0:02:23]} Be7 {[%emt 0:01:44]} 10. Nbd2 {[%emt 0:01:36]} O-O {[%emt 0:01:37]} 11. O-O {[%emt 0:00:37]} Qc7 {[%emt 0:08:05]} 12. Rac1 {[%emt 0:13:23]} Rfd8 {[%emt 0:03:33]} 13. h3 {[%emt 0:11:47]} Rac8 {[%emt 0:01:20]} 14. Rfe1 {[%emt 0:05:17]} Bf8 {[%emt 0:07:00]} 15. c4 {[%emt 0:04:48]} dxc4 {[%emt 0:06:51]} 16. bxc4 {[%emt 0:03:33]} Rd7 {[%emt 0:03:53]} 17. Qe3 {[%emt 0:04:50]} Qd8 {[%emt 0:04:37]} 18. Nb3 {[%emt 0:01:30]} Rdc7 {[%emt 0:03:02]} 19. Red1 {[%emt 0:02:08]} Rd7 {[%emt 0:06:26]} 20. Rd2 {[%emt 0:06:56]} g6 {[%emt 0:12:29]} 21. Rcd1 {[%emt 0:07:29]} Bg7 {[%emt 0:01:46]} 22. Ne5 {[%emt 0:02:10]} Rdc7 {[%emt 0:03:49]} 23. d5 {[%emt 0:07:29]} Nxe5 {[%emt 0:09:21]} 24. Bxe5 {[%emt 0:00:03]} Rxc4 {[%emt 0:00:09]} 25. dxe6 {[%emt 0:00:43]} Qe8 {[%emt 0:00:25]} 26. exf7+ {[%emt 0:03:21]} Qxf7 {[%emt 0:00:07]} 27. Rd8+ {[%emt 0:01:30]} Bf8 {[%emt 0:00:55]} 28. Qf3 {[%emt 0:05:52]} Rxd8 {[%emt 0:05:55]} 29. Rxd8 {[%emt 0:00:02]} Ne8 {[%emt 0:00:22]} 30. Qd3 {[%emt 0:01:12]} Rc6 {[%emt 0:02:30]} 31. f4 {[%emt 0:04:48]} Bxa3 {[%emt 0:04:35]} 32. Na5 {[%emt 0:02:11]} Bc5+ {[%emt 0:00:54]} 33. Kh2 {[%emt 0:00:16]} Re6 {[%emt 0:00:12]} 34. Qd5 {[%emt 0:00:45]} Bb6 {[%emt 0:01:40]} 35. Nxb7 {[%emt 0:00:40]} Re7 {[%emt 0:00:35]} 36. Qb5 {[%emt 0:05:02]} Bxd8 {[%emt 0:01:56]} 37. Nxd8 {[%emt 0:00:02]} Qf5 {[%emt 0:01:43]} 38. Nc6 {[%emt 0:01:00]} Rd7 {[%emt 0:04:43]} 39. Nxa7 {[%emt 0:00:27]} Qe6 {[%emt 0:00:38]} 40. Nc6 {[%emt 0:00:34]} Kf7 {[%emt 0:01:47]} 41. Nd4 {[%emt 0:00:31]} Qd5 {[%emt 0:00:12]} 42. Qb8 {[%emt 0:00:54]} Ng7 {[%emt 0:00:38]} 43. Nf3 {[%emt 0:00:41]} h6 {[%emt 0:01:27]} 44. Qh8 {[%emt 0:00:31]} Nf5 {[%emt 0:00:28]} 45. Qf6+ {[%emt 0:00:30]} Ke8 {[%emt 0:00:01]} 46. Qh8+ {[%emt 0:01:13]} Kf7 {[%emt 0:00:28]} 47. Qf6+ {[%emt 0:00:13]} Ke8 {[%emt 0:00:04]} 48. Qxg6+ {[%emt 0:00:04]} Qf7 {[%emt 0:00:04]} 49. Qc6 {[%emt 0:00:18]} Qd5 {[%emt 0:01:38]} 50. Qf6 {[%emt 0:01:12]} Rf7 {[%emt 0:00:33]} 51. Qg6 {[%emt 0:00:19]} Ke7 {[%emt 0:00:19]} 52. Qb6 {[%emt 0:00:46]} Kf8 {[%emt 0:01:07]} 53. Qb8+ {[%emt 0:00:48]} Ke7 {[%emt 0:00:03]} 54. Qc7+ {[%emt 0:00:44]} 1/2-1/2